| 000 | 01764nam a2200457Ii 4500 | ||
|---|---|---|---|
| 001 | DIGRBN0333 | ||
| 003 | NyNyDIG | ||
| 007 | cr ||||||||||| | ||
| 008 | 180804s2013 sp ob 000 0 spa d | ||
| 006 | m o d | ||
| 035 | _a(OCoLC)1047913871 | ||
| 040 |
_aDGITA _beng _erda _epn _cDGITA |
||
| 020 |
_a9788499409399 _q(eBook) |
||
| 020 |
_a8499409393 _q(eBook) |
||
| 020 | _z9788497427012 | ||
| 020 | _z8497427017 | ||
| 050 | 1 | 4 | _aBD175 ebook |
| 082 | 0 | 4 | _a306.42 |
| 100 | 1 |
_aValero Lumbreras, Ángel, _eauthor. |
|
| 245 | 1 | 3 |
_aEl giro político de la epistemología / _cÁngel Valero Lumbreras ; prólogo de Jacobo Muñoz. |
| 250 | _aEdición en formato digital. | ||
| 264 | 1 |
_aMadrid : _bBiblioteca Nueva, _c[2013] |
|
| 300 | _a1 online resource. | ||
| 336 |
_atext _btxt _2rdacontent |
||
| 337 |
_acomputer _bc _2rdamedia |
||
| 338 |
_aonline resource _bcr _2rdacarrier |
||
| 490 | 1 |
_aColección Razón y sociedad ; _v70 |
|
| 504 | _aIncludes bibliographical references. | ||
| 588 | 0 | _aOnline resource; title from PDF title page (Digitalia, viewed August 8, 2018) | |
| 650 | 0 |
_aKnowledge, Theory of _xPolitical aspects. |
|
| 650 | 0 |
_aScience _xPhilosophy. |
|
| 655 | 0 | _aElectronic books. | |
| 700 | 1 |
_aMuñoz, Jacobo, _econtributor agent of text. |
|
| 791 | 2 |
_aDigitalia (Firm), _edistributor. |
|
| 793 | 0 |
_gDigitalia eBook Collection: _aBiblioteca Nueva |
|
| 776 | 0 | 8 |
_iPrint version: _aValero Lumbreras, Ángel. _tGiro político de la epistemología. _dMadrid : Biblioteca Nueva, ©2008 _z9788497427012 _w(DLC) 2009471589 _w(OCoLC)457011282 |
| 830 | 0 |
_aColección Razón y sociedad ; _v70. |
|
| 856 | 4 | 0 |
_3Digitalia Hispánica _uhttps://www.digitaliapublishing.com/a/45962/ |
| 910 | _aPremium Collection: 2018 | ||
| 942 | _cRAA | ||
| 999 |
_c249298 _d249298 |
||